000 00716nam a2200217Ia 4500
005 20241129110024.0
008 241129s9999||||xx |||||||||||||| ||und||
020 _a978-81-8315-500-7
037 _aTB
040 _aARTS
_beng
_cARTS
041 _aeng
_2san
084 _aP15.2'J 111R2
_qARTS
100 _aKuniyil Pushpadasan Ed.; Rathika A. M. Ed.
_9726918
245 0 _aSanskrit in medieval India : retrieving lost traditions
_cKuniyil Pushpadasan Ed.; Rathika A. M. Ed.
260 _aNew Delhi, India
_bNew New Bharatiya Book Corporation
_c2023
300 _axvii,407p.
365 _aINR
_b1200
650 _aSanskrit Language
_91031
942 _cTB
_hP15.2'J 111R2
999 _c1227028
_d1227028